Wszyscy zdobywcy ligi mistrzów - Statystyki

Ogólne statystyki
  • Ten quiz został rozwiązany 80 razy
  • Średni wynik to 63 z 70
Statystyki odpowiedzi
Rok Zwycięzca % Poprawnych
1992 FC Barcelona
100%
2006 FC Barcelona
100%
2009 FC Barcelona
100%
2011 FC Barcelona
100%
2015 FC Barcelona
100%
1956 Real Madryt
100%
1957 Real Madryt
100%
1958 Real Madryt
100%
1959 Real Madryt
100%
1960 Real Madryt
100%
1966 Real Madryt
100%
1998 Real Madryt
100%
2000 Real Madryt
100%
2002 Real Madryt
100%
2014 Real Madryt
100%
2016 Real Madryt
100%
2017 Real Madryt
100%
2018 Real Madryt
100%
2022 Real Madryt
100%
2024 Real Madryt
100%
1963 AC Milan
99%
1969 AC Milan
99%
1989 AC Milan
99%
1990 AC Milan
99%
1994 AC Milan
99%
2003 AC Milan
99%
2007 AC Milan
99%
2023 Manchester City
99%
1968 Manchester United
99%
1999 Manchester United
99%
2008 Manchester United
99%
2025 PSG
99%
1974 Bayern
97%
1975 Bayern
97%
1976 Bayern
97%
2001 Bayern
97%
2013 Bayern
97%
2020 Bayern
97%
1977 Liverpool
97%
1978 Liverpool
97%
1981 Liverpool
97%
1984 Liverpool
97%
2005 Liverpool
97%
2019 Liverpool
97%
2012 Chelsea
96%
2021 Chelsea
96%
1964 Inter
93%
1965 Inter
93%
2010 Inter
93%
1987 FC Porto
91%
2004 FC Porto
91%
1985 Juventus
88%
1996 Juventus
88%
1997 Borussia Dortmund
83%
1971 Ajax
74%
1972 Ajax
74%
1973 Ajax
74%
1995 Ajax
74%
1993 Olympique Marsylia
74%
1961 Benfica
72%
1962 Benfica
72%
1979 Nottingham Forest
71%
1980 Nottingham Forest
71%
1982 Aston Villa
58%
1967 Celtic
57%
1986 Steaua Bukareszt
57%
1991 Crvena Zvezda
55%
1988 PSV
49%
1983 Hamburger SV
45%
1970 Feyenoord
39%
Nie znaleziono quizów pasujących do podanych kryteriów
Rozkład punktacji
Procent ludzi z każdym wynikiem
Percentyl według liczby udzielonych odpowiedzi
Twoja historia wyników
Nie rozwiązałeś tego quizu